University Home | Library Home | Institutional Repository

Basic criminal procedure : (Record no. 120907)

MARC details
000 -LEADER
fixed length control field 00543cam a2200169 4500
008 - FIXED-LENGTH DATA ELEMENTS--GENERAL INFORMATION
fixed length control field 140325n 000 0 eng u
020 ## - INTERNATIONAL STANDARD BOOK NUMBER
International Standard Book Number 9780314189882
035 ## - SYSTEM CONTROL NUMBER
System control number (Sirsi) a182998
050 ## - LIBRARY OF CONGRESS CALL NUMBER
Classification number KF 9618 BAS 2008
245 ## - TITLE STATEMENT
Title Basic criminal procedure :
Remainder of title cases, comments and questions /
Statement of responsibility, etc. by Yale Kamisar...[et al.]
250 ## - EDITION STATEMENT
Edition statement 12th ed.
260 ## - PUBLICATION, DISTRIBUTION, ETC.
Place of publication, distribution, etc. St. Paul, MN :
Name of publisher, distributor, etc. Thomson,
Date of publication, distribution, etc. 2008.
300 ## - PHYSICAL DESCRIPTION
Extent xi, 965 p.
440 ## - SERIES STATEMENT/ADDED ENTRY--TITLE
Title American casebook series
504 ## - BIBLIOGRAPHY, ETC. NOTE
Bibliography, etc. note Criminal procedure - United States - Cases.
650 ## - SUBJECT ADDED ENTRY--TOPICAL TERM
Topical term or geographic name entry element Kamisar, Yale
Holdings
Withdrawn status Lost status Source of classification or shelving scheme Damaged status Not for loan Home library Current library Shelving location Total Checkouts Full call number Barcode Date last seen Copy number Price effective from Koha item type
    Library of Congress Classification     Main Library Main Library Academic reserves/Short loan   KF 9618 BAS 2008 33729004923251 08/22/2019 1 08/22/2019 Book
© 2026 - The University of Zambia Library - Koha v25.11